Places To Study

There are group study rooms, individual study carrels, computer labs, and other spaces to study in the Libraries.

Reserve A Group Room

Online Resources

Access thousands of eBooks, audiobooks, and online journals from the comfort of your home.

Explore Resources

Events and Workshops

Join our upcoming events and workshops to enhance your skills and knowledge.

View Events

စူဠဝါပါဠိတော်နိဿယ၊ (Record no. 2471)

MARC details
000 -LEADER
fixed length control field 01216nam a22001937a 4500
003 - CONTROL NUMBER IDENTIFIER
control field OSt
005 - DATE AND TIME OF LATEST TRANSACTION
control field 20251124132355.0
008 - FIXED-LENGTH DATA ELEMENTS--GENERAL INFORMATION
fixed length control field 251115b |||||||| |||| 00| 0 eng d
040 ## - CATALOGING SOURCE
Transcribing agency DCL
082 ## - DEWEY DECIMAL CLASSIFICATION NUMBER
Classification number ၂၉၄.၃၈၂၂၄
130 ## - MAIN ENTRY--UNIFORM TITLE
Uniform title တိပိဋက။
Name of part/section of a work ဝိနယပိဋက။
Title of a work စူဠဝဂ္ဂ၊
Language of a work ပါဠိတော်၊
Version နိဿယ။
245 ## - TITLE STATEMENT
Title စူဠဝါပါဠိတော်နိဿယ၊
Number of part/section of a work ပထမတွဲ /
Statement of responsibility, etc. မြန်မာပြန်ဆိုသူ ဝေယံဘုံသာဆရာတော်။
264 ## - PRODUCTION, PUBLICATION, DISTRIBUTION, MANUFACTURE, AND COPYRIGHT NOTICE
Place of production, publication, distribution, manufacture ရန်ကုန် ၊
Name of producer, publisher, distributor, manufacturer သိန်းထွန်းပုံနှိပ်တိုက်၊
-- ဣစ္ဆာသယစာပုံနှိပ်တိုက်၊
Date of production, publication, distribution, manufacture, or copyright notice ၂၀၀၈။
300 ## - PHYSICAL DESCRIPTION
Extent ဃ၊ ၃၉၂ စာမျက်နှာ ၊
-- ဈ, ၃၇၄ စာမျက်နှာ၊
Dimensions ၂၅ စင်တီ။
650 ## - SUBJECT ADDED ENTRY--TOPICAL TERM
Topical term or geographic name entry element စူဠဝါ
Form subdivision ပါဠိတော် နိဿယ။
650 ## - SUBJECT ADDED ENTRY--TOPICAL TERM
Topical term or geographic name entry element စူဠဝဂ္ဂ
Form subdivision ပါဠိတော် နိဿယ။
700 ## - ADDED ENTRY--PERSONAL NAME
Personal name ဝေယံဘုံသာဆရာတော်
Relator term မြန်မာပြန်ဆိုသူ
942 ## - ADDED ENTRY ELEMENTS (KOHA)
Source of classification or shelving scheme Dewey Decimal Classification
Koha item type Short Term
Suppress in OPAC No
Holdings
Withdrawn status Lost status Source of classification or shelving scheme Damaged status Not for loan Collection Accession No. Home library Current library Shelving location Date acquired Total checkouts Full call number Barcode Date last seen Price effective from Koha item type
    Dewey Decimal Classification     Myanmar Pitaka Collection ၂၈၀၃ Dhammadhara Dhammadhara Myanmar Pitaka Shelves 15/11/2025   ၂၉၄.၃၈၂၂၄ ဝိ ၂၈၀၃ MB00002803 15/11/2025 15/11/2025 Short Term
    Dewey Decimal Classification     Myanmar Pitaka Collection ၁၀၃၅ Dhammadhara Dhammadhara Myanmar Pitaka Shelves 15/11/2025   ၂၉၄.၃၈၂၂၄ ဝိ ၁၀၃၅ MB00001035 24/11/2025 15/11/2025 Short Term